Statistics for Ten Random African Countries in 20 Seconds

Click here to take the quiz!

General Stats

  • This quiz has been taken 181 times
  • The average score is 6 of 10

Answers on the Map

Answers color-coded by a green-red scale on the quiz's map according to % correct below.
 

Answer Stats

Country% Correct
Algeria
100%
Congo
100%
Egypt
100%
Eritrea
100%
Libya
100%
Morocco
100%
Somalia
100%
Dem Rep Congo
88%
Comoros
80%
Mauritius
80%
Côte d'Ivoire
75%
Gabon
75%
Niger
75%
Sudan
75%
Tunisia
75%
Uganda
75%
Angola
67%
Cabo Verde
67%
Kenya
67%
Zimbabwe
67%
Madagascar
60%
Central African
Republic
55%
Lesotho
50%
Mauritania
50%
South Africa
50%
Zambia
50%
Mali
43%
Djibouti
40%
Equatorial
Guinea
40%
Ethiopia
40%
Namibia
40%
Nigeria
40%
Rwanda
40%
Gambia
33%
Malawi
33%
Seychelles
33%
South Sudan
33%
Tanzania
33%
Burundi
29%
Chad
25%
Mozambique
25%
São Tomé
and Príncipe
25%
Benin
20%
Eswatini
20%
Senegal
20%
Burkina Faso
17%
Cameroon
17%
Guinea-Bissau
14%
Botswana
0%
Ghana
0%
Guinea
0%
Liberia
0%
Sierra Leone
0%
Togo
0%

Score Distribution

Percentile by Number Answered

Percent of People with Each Score

Your Score History

You have not taken this quiz